000 01518nam a2200373 c 4500
003 BLK
005 20240803113435.0
008 180409b bul|||||r ||||||| ||bul||
010 _aKNG00123701000
020 _a978-954-409-303-7
_bиздат.: Плеяда
040 _aBLK
041 _aBUL
_cBUL
072 7 _2bullib
_aН83
_xЧужда художествена литература Н
080 _aАмериканска литература (на САЩ)
_b821.111(73)
_x-31
_z821.111(73)-31
100 1 _aТейлър, Джанел
_eпърви автор
_9242187
700 _aРашкова, Нина Николаева
_d1947-
_9383502
139 _aТейлър, Джанел
_bТ 45
245 1 0 _aЗаради теб
_bРоман
_cДжанел Тейлър; прев. от англ. Нина Николаева Рашкова.
257 _aUSA
260 София
_bПлеяда
_c2010
_fСофия : Аси Принт
300 _a280 с.
_c20 см
380 _aX
490 1 _aПоредица Пеперуда : Съвременна романтична проза
500 _aОриг. загл. Watching Amanda / Janelle Taylor.
653 _aромантична проза
653 _aромани
659 _aН
852 _aЦб 252053
856 4 _qpdf
_u
856 4 _qpdf
_u
942 _cKNG
_n0
_034
944 _aCR
_c20.06.2011
_lМартин Енчев
_k30575
944 _aED
_c26.06.2017
_lф /
_kЛюдмила_Стоянова
999 _c118100
_d118100